[Event "PRVA LIGA CENTRALNE SRBIJE 2018."]
[Site "Kragujevac"]
[Date "2018.09.17"]
[Round "5.1"]
[White "Ristic, Nenad"]
[Black "Atalik, Suat"]
[Result "0-1"]
[WhiteElo "2359"]
[BlackElo "2512"]
[Annotator "Balkanchess"]
[PlyCount "74"]
[EventDate "2018.??.??"]
[WhiteClock "0:17:24"]
[BlackClock "0:15:46"]

1. e4 c6 2. Nc3 d5 3. Nf3 dxe4 4. Nxe4 Nf6 5. Nxf6+ exf6 6. Bc4 Bd6 7. Qe2+ Qe7
8. d4 Qxe2+ 9. Bxe2 Bf5 10. c3 Nd7 11. O-O Nb6 12. Nd2 O-O-O 13. Nc4 h5 14.
Nxb6+ axb6 15. Bc4 Be6 16. Bb3 Kc7 17. Be3 b5 18. Rfd1 Rhe8 19. Rd2 f5 20. Bxe6
Rxe6 21. Rd3 f4 22. Bd2 g5 23. Rd1 Be7 24. h4 f6 25. Kf1 Bd6 26. d5 Ree8 27.
dxc6 Kxc6 28. Bc1 Bc7 29. Rxd8 Bxd8 30. Re1 Rxe1+ 31. Kxe1 f3 32. g3 Kd5 33.
Kf1 g4 34. Be3 Kc4 35. Ke1 Kd3 36. Kd1 Bc7 37. Bc5 f5 0-1

[Event "PRVA LIGA CENTRALNE SRBIJE 2018."]
[Site "Kragujevac"]
[Date "2018.09.17"]
[Round "5.1"]
[White "Irizanin, Radoje"]
[Black "Todorovic, Goran N"]
[Result "1-0"]
[WhiteElo "2296"]
[BlackElo "2326"]
[Annotator "Balkanchess"]
[PlyCount "89"]
[EventDate "2018.??.??"]
[WhiteClock "0:19:35"]
[BlackClock "0:28:17"]

1. d4 Nf6 2. Bg5 e6 3. e4 h6 4. Bxf6 Qxf6 5. c3 d6 6. Bd3 g6 7. Ne2 Bg7 8. O-O
Nd7 9. f4 Qe7 10. e5 O-O 11. Nd2 a6 12. Nc4 b6 13. Be4 Ra7 14. Bf3 b5 15. Na5
Nb8 16. b4 f6 17. Qd3 f5 18. Qe3 d5 19. g3 Qe8 20. Nc1 Nc6 21. Nxc6 Qxc6 22.
Nb3 Rf7 23. g4 Bf8 24. Na5 Qe8 25. gxf5 gxf5 26. Kh1 Rg7 27. Rg1 c6 28. Qe2
Rxg1+ 29. Rxg1+ Rg7 30. Bh5 Rxg1+ 31. Kxg1 Qd7 32. Qg2+ Bg7 33. Qg6 Kf8 34.
Nxc6 Kg8 35. Qe8+ Qxe8 36. Bxe8 Kf8 37. Bh5 Bd7 38. Na5 Ke7 39. Kf2 Bf8 40. Bg6
Kd8 41. Kg3 Bc8 42. Kh4 Ke7 43. Kh5 Bg7 44. Nc6+ Kf8 45. Nd8 1-0

[Event "PRVA LIGA CENTRALNE SRBIJE 2018."]
[Site "Kragujevac"]
[Date "2018.09.17"]
[Round "5.1"]
[White "Mirkovic, Stevan"]
[Black "Rajkovic, Dusan"]
[Result "0-1"]
[WhiteElo "2307"]
[BlackElo "2322"]
[Annotator "Balkanchess"]
[PlyCount "68"]
[EventDate "2018.??.??"]
[WhiteClock "0:05:18"]
[BlackClock "0:14:08"]

1. Nf3 Nf6 2. c4 c5 3. Nc3 b6 4. d4 cxd4 5. Nxd4 Bb7 6. f3 d6 7. e4 e6 8. Be3
Be7 9. Be2 O-O 10. O-O a6 11. Qd2 Nbd7 12. Rac1 Qc7 13. a3 Rac8 14. b4 Ne5 15.
Rc2 Qb8 16. Na4 Nfd7 17. Rb1 Rfe8 18. Kh1 h6 19. Qc1 Bf6 20. Qg1 d5 21. exd5
exd5 22. c5 b5 23. Nxb5 axb5 24. Bxb5 Nxf3 25. gxf3 d4 26. Qg3 Rxe3 27. c6 Ne5
28. Nb6 Bxc6 29. Nxc8 Qxb5 30. Rg2 Bxf3 31. Nd6 Qd3 32. Rbg1 Re2 33. Ne8 Rxg2
34. Nxf6+ Kh8 0-1

[Event "PRVA LIGA CENTRALNE SRBIJE 2018."]
[Site "Kragujevac"]
[Date "2018.09.17"]
[Round "5.1"]
[White "Ilic, Zoran S"]
[Black "Gavrilovic, Leonardo"]
[Result "1-0"]
[WhiteElo "2307"]
[BlackElo "2243"]
[Annotator "Balkanchess"]
[PlyCount "91"]
[EventDate "2018.??.??"]
[WhiteClock "0:29:09"]
[BlackClock "0:31:48"]

1. d4 Nf6 2. Nf3 e6 3. c4 b6 4. g3 Ba6 5. b3 Bb4+ 6. Bd2 Be7 7. Bg2 Bb7 8. Nc3
O-O 9. O-O d5 10. Qc2 c5 11. cxd5 exd5 12. Bf4 Nc6 13. Rfd1 Nxd4 14. Nxd4 cxd4
15. Nb5 Rc8 16. Qb2 d3 17. Rxd3 Qd7 18. Nd4 Ne4 19. Be5 f6 20. Bf4 Rfe8 21. Bf3
Bf8 22. Rdd1 Bb4 23. Rac1 Bc3 24. Qb1 g6 25. Qd3 a6 26. a4 Qe7 27. Be3 Kg7 28.
Rc2 Rc7 29. Rdc1 Rec8 30. Bg4 Bxd4 31. Bxc8 Rxc2 32. Rxc2 Bc5 33. Bxb7 Qxb7 34.
f3 Bxe3+ 35. Qxe3 Ng5 36. h4 Nf7 37. Qe8 g5 38. hxg5 fxg5 39. Qc6 Qb8 40. Qc7
Qe8 41. Qxb6 Qe5 42. Kf2 d4 43. Rc4 Qf5 44. Qxd4+ Kf8 45. Qc5+ Ke8 46. Ke1 1-0

[Event "PRVA LIGA CENTRALNE SRBIJE 2018."]
[Site "Kragujevac"]
[Date "2018.09.17"]
[Round "5.1"]
[White "Matovic, Petar"]
[Black "Stankovic, Dragan P"]
[Result "0-1"]
[WhiteElo "2045"]
[BlackElo "2229"]
[PlyCount "34"]
[EventDate "2018.??.??"]

1. d4 Nf6 2. Nf3 g6 3. Bf4 Bg7 4. e3 O-O 5. Be2 c5 6. O-O Qb6 7. Qc1 Nc6 8. c3
d5 9. Nbd2 Bf5 10. b3 Rac8 11. Qb2 Nh5 12. Bg5 h6 13. Bh4 g5 14. dxc5 Qxc5 15.
Nd4 Nf4 16. b4 Nxe2+ 17. Nxe2 Qb5 0-1

[Event "PRVA LIGA CENTRALNE SRBIJE 2018."]
[Site "Kragujevac"]
[Date "2018.09.17"]
[Round "5.19"]
[White "Csonka, Balazs"]
[Black "Atakisi, Umut"]
[Result "1/2-1/2"]
[WhiteElo "2450"]
[BlackElo "2397"]
[PlyCount "81"]
[EventDate "2018.??.??"]

1. e4 c5 2. Nf3 Nc6 3. Bb5 d6 4. O-O Bd7 5. Re1 Nf6 6. c3 a6 7. Bf1 Bg4 8. h3
Bxf3 9. Qxf3 e6 10. d3 Be7 11. Nd2 O-O 12. Qd1 d5 13. e5 Nd7 14. Nf3 b5 15. g3
Qc7 16. Bf4 c4 17. h4 Rab8 18. a3 a5 19. h5 Rfd8 20. d4 b4 21. axb4 axb4 22. h6
g6 23. Bg5 Nf8 24. Qc1 Ra8 25. Qf4 Bxg5 26. Nxg5 Qe7 27. Bh3 Nd7 28. Kg2 Rdb8
29. Rxa8 Rxa8 30. Re3 Ra2 31. Rf3 Nd8 32. Qc1 Nf8 33. Bg4 b3 34. Kh3 Ra6 35.
Kg2 Nd7 36. Qf4 Ra2 37. Qc1 Ra6 38. Bh3 Nf8 39. Bg4 Nd7 40. Bh3 Nf8 41. Bg4
1/2-1/2

[Event "PRVA LIGA CENTRALNE SRBIJE 2018."]
[Site "Kragujevac"]
[Date "2018.09.17"]
[Round "5.20"]
[White "Mladenovic, Stefan"]
[Black "Stankovic, Milos"]
[Result "0-1"]
[WhiteElo "2355"]
[BlackElo "2443"]
[Annotator "Balkanchess"]
[PlyCount "110"]
[EventDate "2018.??.??"]
[WhiteClock "0:07:43"]
[BlackClock "0:10:18"]

1. d4 Nf6 2. Nf3 g6 3. Bf4 Bg7 4. e3 O-O 5. Be2 d6 6. h3 c5 7. c3 Qb6 8. Qb3
Be6 9. Qxb6 axb6 10. a3 Bd5 11. Nbd2 Bc6 12. O-O Nbd7 13. Rfe1 Rfd8 14. Bh2 b5
15. Rad1 c4 16. Bf1 Nb6 17. e4 Na4 18. Rb1 Bh6 19. g4 d5 20. exd5 Nxd5 21. g5
Bg7 22. Ne5 Bxe5 23. Rxe5 f6 24. Ree1 Bd7 25. Bg2 Bf5 26. Be4 Kf7 27. h4 h6 28.
gxf6 exf6 29. f3 h5 30. Nf1 Ne7 31. Ne3 Bc8 32. Re2 Nf5 33. Nd5 Nxh4 34. Nc7
Ra5 35. Bd5+ Rxd5 36. Nxd5 Be6 37. Nc7 Bf5 38. Rc1 Nxf3+ 39. Kg2 Nxh2 40. Kxh2
Bd3 41. Rf2 Nb6 42. Re1 f5 43. d5 Na8 44. Ne8 b4 45. d6 Rd5 46. axb4 Nb6 47.
Rf4 g5 48. Rd4 Be4 49. Rxd5 Nxd5 50. Nc7 Nf6 51. Rd1 Nd7 52. Rd4 h4 53. Kh3 Bd3
54. Rd5 Kf6 55. Ne8+ Kg6 0-1

[Event "PRVA LIGA CENTRALNE SRBIJE 2018."]
[Site "Kragujevac"]
[Date "2018.09.17"]
[Round "5.21"]
[White "Dudukovic, Nikola"]
[Black "Cvetanovic, Uros"]
[Result "1-0"]
[WhiteElo "2404"]
[BlackElo "2295"]
[Annotator "Balkanchess"]
[PlyCount "101"]
[EventDate "2018.??.??"]
[WhiteClock "0:08:35"]
[BlackClock "0:07:45"]

1. d4 Nf6 2. Nf3 d5 3. c4 c6 4. cxd5 cxd5 5. Nc3 e6 6. Bg5 Be7 7. e3 O-O 8. Bd3
b6 9. O-O Bb7 10. Rc1 Nbd7 11. Qb3 Ne8 12. Bxe7 Qxe7 13. a4 Nd6 14. Nb5 Nxb5
15. Bxb5 Rfc8 16. a5 bxa5 17. Bxd7 Qxd7 18. Ne5 Qe7 19. Qb5 Qb4 20. Qd7 Rf8 21.
Rc7 Bc8 22. Qc6 Qb6 23. Rc1 Qxc6 24. Nxc6 Ba6 25. Rc5 Bc4 26. Rxa5 a6 27. Rc5
f6 28. Rb7 Bb5 29. h4 h5 30. Ne7+ Kh7 31. e4 Rab8 32. Rxb8 Rxb8 33. exd5 exd5
34. Nxd5 Be8 35. Rc2 Bg6 36. Rd2 Rd8 37. Ne3 Kg8 38. d5 Kf8 39. Rd4 Rb8 40. b4
Ke7 41. g4 Kd6 42. gxh5 Bxh5 43. f4 Bf7 44. Nf5+ Kd7 45. Kf2 g6 46. Nh6 Bg8 47.
Ng4 Rf8 48. Ne3 g5 49. h5 Bf7 50. h6 Bh5 51. d6 1-0

[Event "PRVA LIGA CENTRALNE SRBIJE 2018."]
[Site "Kragujevac,hotel Sumarice"]
[Date "2018.09.17"]
[Round "5.2"]
[White "Todorovic, Nenad I"]
[Black "Nestorovic, Dejan"]
[Result "0-1"]
[WhiteElo "2291"]
[BlackElo "2340"]
[PlyCount "102"]
[EventDate "2018.09.14"]
[WhiteTeam "OSK Paracin  Paracin"]
[BlackTeam "Sloga Petrovac"]

1. e4 c5 2. Nf3 e6 3. d4 cxd4 4. Nxd4 a6 5. Be2 Nf6 6. Nc3 d6 7. O-O Nc6 8. Be3
Be7 9. f4 O-O 10. a4 e5 11. Nb3 exf4 12. Rxf4 Be6 13. Nd5 Bxd5 14. exd5 Ne5 15.
a5 Nfd7 16. Rb4 Qc7 17. c3 Rfe8 18. Kh1 Bf6 19. Qd2 Re7 20. Nd4 g6 21. c4 Rae8
22. Bg1 Nc5 23. Bf1 Ned7 24. Nb3 h5 25. Nxc5 Nxc5 26. Rb6 Bg7 27. Rd1 Qd7 28.
Bd3 Nxd3 29. Qxd3 Re2 30. Qf3 Rc2 31. c5 dxc5 32. d6 Rxb2 33. Rxb2 Bxb2 34.
Bxc5 Bg7 35. Qd5 Re5 36. Qc4 Bf8 37. Qd4 Bg7 38. Qb4 Bf6 39. h3 Qc6 40. Bf2 Rd5
41. Rxd5 Qxd5 42. Qc5 Qd1+ 43. Kh2 h4 44. g3 Qe2 45. gxh4 Bxh4 46. d7 Bxf2 47.
d8=Q+ Kh7 48. Qxf2 Qxf2+ 49. Kh1 Kh6 50. h4 Kg7 51. h5 Qf3+ 0-1

[Event "PRVA LIGA CENTRALNE SRBIJE 2018."]
[Site "Kragujevac,hotel Sumarice"]
[Date "2018.09.17"]
[Round "5.2"]
[White "Markovic, Zoran S"]
[Black "Markovic, Milan D"]
[Result "0-1"]
[WhiteElo "2346"]
[BlackElo "2247"]
[PlyCount "80"]
[EventDate "2018.09.14"]
[WhiteTeam "Sloga Petrovac"]
[BlackTeam "OSK Paracin  Paracin"]

1. e4 c5 2. Nf3 Nc6 3. d4 cxd4 4. Nxd4 g6 5. c4 Nf6 6. Nc3 d6 7. Be2 Nxd4 8.
Qxd4 Bg7 9. Be3 O-O 10. Qd2 Be6 11. Rc1 Qa5 12. f3 Rfc8 13. b3 a6 14. Na4 Qxd2+
15. Kxd2 Nd7 16. g4 Rc6 17. Nc3 a5 18. Nd5 Kf8 19. f4 Bb2 20. Rb1 Ba3 21. g5
Bb4+ 22. Kd1 Nc5 23. Bf3 Bxd5 24. exd5 Rc7 25. a4 Re8 26. Bxc5 Bxc5 27. Re1 e5
28. fxe5 dxe5 29. Rb2 Rce7 30. Be4 Kg7 31. Rg2 Rh8 32. h4 h6 33. h5 hxg5 34.
Rxg5 Kf6 35. d6 Rd7 36. Rg3 Rxh5 37. Rf1+ Kg7 38. Kd2 Rh2+ 39. Kd3 Rb2 40. Bf5
Rxd6+ 0-1

[Event "PRVA LIGA CENTRALNE SRBIJE 2018."]
[Site "Kragujevac,hotel Sumarice"]
[Date "2018.09.17"]
[Round "5.2"]
[White "Dimitrijevic, Nenad"]
[Black "Dimitrijevic, Radmilo"]
[Result "1/2-1/2"]
[WhiteElo "2216"]
[BlackElo "2247"]
[PlyCount "77"]
[EventDate "2018.09.14"]
[WhiteTeam "OSK Paracin  Paracin"]
[BlackTeam "Sloga Petrovac"]

1. Nf3 d5 2. g3 c6 3. Bg2 Bg4 4. O-O Nf6 5. d3 e6 6. h3 Bh5 7. c4 Be7 8. cxd5
exd5 9. Qc2 O-O 10. g4 Bg6 11. Ne5 Nbd7 12. Nxg6 hxg6 13. e4 dxe4 14. dxe4 Qb6
15. Kh1 Rfd8 16. f4 Nc5 17. Be3 Qb5 18. Bxc5 Bxc5 19. Nc3 Qd3 20. Qxd3 Rxd3 21.
e5 Nh7 22. Rad1 Rad8 23. Rxd3 Rxd3 24. Ne4 Be7 25. Rf3 Rxf3 26. Bxf3 Nf8 27.
Kg2 Nd7 28. Be2 Nc5 29. Nc3 Ne6 30. Kg3 Bc5 31. Bc4 Bd4 32. Bxe6 fxe6 33. Ne4
Bxb2 34. Nc5 b6 35. Nxe6 a5 36. Kf3 b5 37. Nc5 Bd4 38. Nd3 Bc3 39. Nc5 1/2-1/2

[Event "PRVA LIGA CENTRALNE SRBIJE 2018."]
[Site "Kragujevac"]
[Date "2018.09.17"]
[Round "5.4"]
[White "Parligras, Mircea-Emilian"]
[Black "Rakhmanov, Aleksandr"]
[Result "1/2-1/2"]
[WhiteElo "2623"]
[BlackElo "2647"]
[Annotator "Balkanchess"]
[PlyCount "60"]
[EventDate "2018.??.??"]
[WhiteClock "0:27:27"]
[BlackClock "0:36:28"]

1. d4 Nf6 2. c4 e6 3. Nc3 d5 4. cxd5 exd5 5. Bg5 c6 6. e3 Bf5 7. Qf3 Bg6 8.
Bxf6 Qxf6 9. Qxf6 gxf6 10. Nf3 Nd7 11. Nh4 Be7 12. Ne2 f5 13. g3 Bxh4 14. gxh4
Nf6 15. Ng3 f4 16. exf4 Nh5 17. Nxh5 Bxh5 18. Rg1 Kf8 19. Bd3 Rg8 20. Rg5 Bg6
21. f5 h6 22. Rg3 Bh5 23. Kd2 Ke7 24. Ke3 Kf6 25. f3 Rge8+ 26. Kf2 Re7 27. Rag1
Rae8 28. Rg8 a5 29. Rxe8 Rxe8 30. Rc1 Ke7 1/2-1/2

[Event "PRVA LIGA CENTRALNE SRBIJE 2018."]
[Site "Kragujevac"]
[Date "2018.09.17"]
[Round "5.4"]
[White "Damljanovic, Branko"]
[Black "Zajic, Milan"]
[Result "1-0"]
[WhiteElo "2470"]
[BlackElo "2497"]
[Annotator "Balkanchess"]
[PlyCount "79"]
[EventDate "2018.??.??"]
[WhiteClock "0:31:34"]
[BlackClock "0:00:48"]

1. Nf3 Nf6 2. g3 d5 3. Bg2 e6 4. O-O Be7 5. b3 O-O 6. c4 b6 7. Bb2 Bb7 8. Nc3
dxc4 9. bxc4 c5 10. d3 Nc6 11. Ne5 Qc8 12. Nxc6 Bxc6 13. e4 Qb7 14. Qe2 Rfe8
15. a4 a6 16. f4 Nd7 17. Rab1 Rad8 18. Ba1 Qc7 19. Qb2 Bf8 20. e5 Bxg2 21. Kxg2
Rb8 22. Kg1 Rbd8 23. Rfd1 Rc8 24. Ne4 Qc6 25. Qc2 Be7 26. Bc3 Rb8 27. Qg2 Rbc8
28. Rd2 Nb8 29. Rdb2 Nd7 30. a5 bxa5 31. Bxa5 h6 32. Bc3 Qa8 33. Rb7 Rb8 34.
Nd6 Bxd6 35. exd6 a5 36. R1b5 Qa6 37. Rxd7 Rxb5 38. cxb5 Qxb5 39. Re7 Rb8 40.
Qb2 1-0

[Event "PRVA LIGA CENTRALNE SRBIJE 2018."]
[Site "Kragujevac"]
[Date "2018.09.17"]
[Round "5.4"]
[White "Perunovic, Miodrag"]
[Black "Nestorovic, Nikola"]
[Result "0-1"]
[WhiteElo "2433"]
[BlackElo "2453"]
[Annotator "Balkanchess"]
[PlyCount "88"]
[EventDate "2018.??.??"]
[WhiteClock "0:43:58"]
[BlackClock "0:34:46"]

1. d4 Nf6 2. c4 e6 3. Nf3 a6 4. Nc3 d5 5. cxd5 exd5 6. Bg5 Be6 7. g3 Nbd7 8.
Bg2 Bd6 9. O-O O-O 10. Qc2 c6 11. Rad1 Qc7 12. Nh4 h6 13. Bc1 Rfe8 14. Nf5 Bf8
15. Bf4 Qc8 16. Nd6 Bxd6 17. Bxd6 Nb6 18. Rfe1 Bf5 19. Qc1 Ne4 20. Bf4 g5 21.
Be5 Nd7 22. Nxe4 dxe4 23. Bd6 Nb6 24. f3 Qe6 25. Bc5 Nd5 26. e3 exf3 27. Bxf3
Be4 28. Rf1 Bxf3 29. Rxf3 g4 30. Rf2 Qxe3 31. Qc2 Qe1+ 32. Rf1 Qe4 33. Qf2 Qe3
34. Bd6 Qxf2+ 35. Rxf2 Re6 36. Be5 f6 37. Bf4 Kg7 38. Bd2 Rae8 39. Rdf1 Re4 40.
Bc3 R8e6 41. Rc1 Kg6 42. Rd1 h5 43. Rc1 h4 44. gxh4 Nf4 0-1

[Event "PRVA LIGA CENTRALNE SRBIJE 2018."]
[Site "Kragujevac"]
[Date "2018.09.17"]
[Round "5.4"]
[White "Ostojic, Nikola"]
[Black "Radovanovic, Dusan"]
[Result "1-0"]
[WhiteElo "2441"]
[BlackElo "2321"]
[PlyCount "121"]
[EventDate "2018.??.??"]

1. Nf3 Nf6 2. g3 e6 3. c4 d5 4. Bg2 Be7 5. O-O O-O 6. b3 b6 7. Bb2 Bb7 8. e3
dxc4 9. bxc4 c5 10. Qe2 Nc6 11. d3 Qc7 12. Nbd2 Rfd8 13. a3 Rac8 14. Ne1 Ne8
15. Ne4 f5 16. Nc3 Bf6 17. f4 Nd6 18. Rb1 Qe7 19. Kh1 Nf7 20. g4 fxg4 21. Qxg4
Nh6 22. Qh3 Nf5 23. Be4 g6 24. Nd1 Bxb2 25. Rxb2 Na5 26. Nf2 Rf8 27. Bxb7 Qxb7+
28. e4 Ng7 29. Ng4 Nh5 30. Ng2 Qg7 31. Rbf2 Nc6 32. Nh4 Nd4 33. Ne3 Rce8 34. f5
exf5 35. Nhxf5 Nxf5 36. Nxf5 Qe5 37. Nh6+ Kg7 38. Rxf8 Rxf8 39. Qd7+ Kxh6 40.
Rxf8 Nf4 41. Qg4 Qa1+ 42. Qg1 Qxg1+ 43. Kxg1 Nxd3 44. Rf7 Ne5 45. Rxa7 Kg5 46.
Rxh7 Kf4 47. Rh3 Kxe4 48. Rb3 Nxc4 49. a4 Kd5 50. Kf2 Ke4 51. Ke2 Kd4 52. h3
Ke4 53. Kd1 Ne3+ 54. Kd2 Nd5 55. Rg3 Nf4 56. h4 Kf5 57. Rg5+ Kf6 58. Kc3 Ne2+
59. Kc4 Nd4 60. Rg2 Kf5 61. Rb2 1-0

[Event "PRVA LIGA CENTRALNE SRBIJE 2018."]
[Site "Kragujevac"]
[Date "2018.09.17"]
[Round "5.4"]
[White "Pavlovic, Dejan S"]
[Black "Nestorovic, Lazar"]
[Result "0-1"]
[WhiteElo "2396"]
[BlackElo "2353"]
[Annotator "Balkanchess"]
[PlyCount "80"]
[EventDate "2018.??.??"]
[WhiteClock "0:30:36"]
[BlackClock "0:32:39"]

1. e4 c5 2. Nf3 d6 3. d4 cxd4 4. Nxd4 Nf6 5. Nc3 a6 6. Be2 e6 7. O-O Be7 8. f4
O-O 9. Be3 Nc6 10. Qe1 Qc7 11. Qg3 Bd7 12. Kh1 b5 13. e5 Ne8 14. Ne4 Kh8 15.
Nf3 Nb4 16. Bd4 d5 17. Nd6 Qxc2 18. Ng1 Qg6 19. Qc3 Nxd6 20. exd6 Bxd6 21. a3
Nc6 22. Bd3 Qh6 23. Be3 Rac8 24. Qe1 Qf6 25. Qg3 Qxb2 26. Nf3 g6 27. Rac1 Qg7
28. Qh4 Bxa3 29. Ra1 Be7 30. Qh3 Nb4 31. Ne5 Nxd3 32. Nxd7 Rfd8 33. Nb6 Rc6 34.
Rxa6 d4 35. Bg1 Nc5 36. Ra7 Bf6 37. Na8 b4 38. Nc7 b3 39. Qf3 Rb6 40. f5 gxf5
0-1

[Event "PRVA LIGA CENTRALNE SRBIJE 2018."]
[Site "Kragujevac"]
[Date "2018.09.17"]
[Round "5.4"]
[White "Blesic, Vaso"]
[Black "Radivojevic, Ivan"]
[Result "1-0"]
[WhiteElo "2373"]
[BlackElo "2360"]
[Annotator "Balkanchess"]
[PlyCount "105"]
[EventDate "2018.??.??"]
[WhiteClock "0:35:27"]
[BlackClock "0:16:08"]

1. e4 c6 2. d4 d5 3. Nc3 dxe4 4. Nxe4 Nd7 5. Ng5 Ngf6 6. Bd3 e6 7. Qe2 Bd6 8.
N1f3 h6 9. Ne4 Nxe4 10. Qxe4 Nf6 11. Qe2 Qc7 12. Bd2 b6 13. Ne5 Bb7 14. f4
O-O-O 15. O-O-O Kb8 16. Kb1 c5 17. c3 h5 18. Rhf1 Nd5 19. Be4 f5 20. Bf3 Nf6
21. dxc5 Bxe5 22. cxb6 axb6 23. fxe5 Ne4 24. Be3 Bd5 25. Qa6 Bc4 26. Qxb6+ Qxb6
27. Bxb6 Nd2+ 28. Kc1 Nxf1 29. Rxd8+ Rxd8 30. Bxd8 Nxh2 31. b3 Bf1 32. Bxh5
Bxg2 33. Bf7 f4 34. Bxe6 Be4 35. Kd1 Nf3 36. Be7 Kc7 37. Bd6+ Kc6 38. a4 Ng5
39. Bc4 Bf3+ 40. Ke1 Ne4 41. Bf8 Bg4 42. Bd3 Nxc3 43. Bxg7 Be6 44. Kd2 Nd5 45.
Bf8 Nb6 46. Be4+ Kc7 47. Bd6+ Kd7 48. Bc5 Bxb3 49. Bxb6 Bxa4 50. Bd5 Bb5 51.
Bc5 Kd8 52. e6 Be8 53. Bd6 1-0

[Event "PRVA LIGA CENTRALNE SRBIJE 2018."]
[Site "Kragujevac,hotel Sumarice"]
[Date "2018.09.17"]
[Round "5.5"]
[White "Draskovic, Luka"]
[Black "Popchev, Milko"]
[Result "1/2-1/2"]
[WhiteElo "2449"]
[BlackElo "2267"]
[PlyCount "33"]
[EventDate "2018.09.14"]
[WhiteTeam "Mladost Lucani"]
[BlackTeam "Krusik Valjevo"]

1. c4 e6 2. Nf3 f5 3. d4 Nf6 4. Nc3 Be7 5. e3 O-O 6. Bd3 d5 7. Qc2 c6 8. O-O
Ne4 9. Ne5 Nd7 10. Nxd7 Bxd7 11. f3 Nxc3 12. bxc3 Bd6 13. a4 Qc7 14. f4 c5 15.
Qb3 Bc6 16. cxd5 exd5 17. c4 1/2-1/2

[Event "PRVA LIGA CENTRALNE SRBIJE 2018."]
[Site "Kragujevac,hotel Sumarice"]
[Date "2018.09.17"]
[Round "5.5"]
[White "Kostic, Vladimir G"]
[Black "Djordjevic, Vuk"]
[Result "0-1"]
[WhiteElo "2334"]
[BlackElo "2404"]
[Annotator "Balkanchess"]
[PlyCount "116"]
[EventDate "2018.09.14"]
[WhiteTeam "Krusik Valjevo"]
[BlackTeam "Mladost Lucani"]

1. e4 e6 2. d3 d5 3. Qe2 Nf6 4. Nf3 Be7 5. g3 c5 6. Bg2 Nc6 7. O-O O-O 8. Re1
b5 9. e5 Nd7 10. h4 a5 11. h5 Ba6 12. Bf4 b4 13. Nbd2 Rc8 14. Bh3 Nb6 15. Nf1
a4 16. N1h2 c4 17. Ng4 b3 18. axb3 cxd3 19. cxd3 Nb4 20. Red1 axb3 21. Nd4 Nd7
22. Nxb3 Rc2 23. Qf3 Rxb2 24. Nd4 Bc5 25. Ne2 Bb5 26. Nc3 Nc2 27. Qe2 Bd4 28.
Rac1 Bxc3 29. Rxc2 Ba4 30. Rxb2 Bxd1 31. Qxd1 Bxb2 32. Qd2 Bd4 33. h6 g6 34.
Qb4 Bc5 35. Qb5 Be7 36. d4 Qc7 37. Kh2 Rb8 38. Qa6 Qb7 39. Qe2 Qb2 40. Qd1 Rb4
41. Be3 Rb3 42. Bg2 Qb1 43. Qe2 Qd3 44. Qa2 Rb8 45. Qa7 Qb5 46. Qa2 Nb6 47. Qa7
Qe8 48. Bf1 Qd8 49. Bf4 Nd7 50. Qa1 Qc7 51. Qa6 Qb7 52. Qa5 Ra8 53. Qd2 Bb4 54.
Qd1 Bc3 55. Be3 Ra1 56. Qe2 Be1 57. Kg2 Qb3 58. Nh2 Nb8 {...90} 0-1

[Event "PRVA LIGA CENTRALNE SRBIJE 2018."]
[Site "Kragujevac,hotel Sumarice"]
[Date "2018.09.17"]
[Round "5.5"]
[White "Radovanovic, Mihajlo"]
[Black "Ivanovic, Dragutin"]
[Result "1-0"]
[WhiteElo "2427"]
[BlackElo "2307"]
[PlyCount "73"]
[EventDate "2018.09.14"]
[WhiteTeam "Mladost Lucani"]
[BlackTeam "Krusik Valjevo"]

1. Nf3 d5 2. g3 Nf6 3. Bg2 g6 4. b3 Bg7 5. Bb2 O-O 6. c4 c6 7. O-O a5 8. Nc3
Ne4 9. d4 Nxc3 10. Bxc3 a4 11. cxd5 cxd5 12. bxa4 Bd7 13. Qb3 e6 14. Qxb7 Bc6
15. Qb2 Rxa4 16. Rfc1 Nd7 17. Bd2 Qa8 18. Bf4 Qa6 19. Bf1 Bb5 20. Rc7 Rc4 21.
Rxc4 Bxc4 22. a4 Re8 23. a5 f6 24. Qd2 e5 25. dxe5 fxe5 26. Bh6 e4 27. Nd4 Bxh6
28. Qxh6 Qf6 29. e3 Bxf1 30. Kxf1 Rf8 31. Ra2 Qa6+ 32. Kg2 Ne5 33. Qg5 Re8 34.
h4 Kf7 35. Rb2 Qd6 36. Rb7+ Kg8 37. Rg7+ 1-0

[Event "PRVA LIGA CENTRALNE SRBIJE 2018."]
[Site "Kragujevac,hotel Sumarice"]
[Date "2018.09.17"]
[Round "5.5"]
[White "Sandic, Vladeta"]
[Black "Pezelj, Novak"]
[Result "0-1"]
[WhiteElo "2324"]
[BlackElo "2457"]
[PlyCount "86"]
[EventDate "2018.09.14"]
[WhiteTeam "Krusik Valjevo"]
[BlackTeam "Mladost Lucani"]

1. d4 b6 2. c4 Bb7 3. Nc3 e6 4. Nf3 f5 5. g3 Nf6 6. Bg2 Bb4 7. Qc2 Ne4 8. O-O
Nxc3 9. bxc3 Be4 10. Qb3 Be7 11. Bh3 Nc6 12. a4 Na5 13. Qa2 O-O 14. d5 Bxf3 15.
exf3 e5 16. f4 Bd6 17. fxe5 Bxe5 18. Bd2 Qf6 19. Rac1 Rae8 20. Rfe1 Kh8 21. Re3
f4 22. Rf3 Qd6 23. Rf1 Re7 24. Re1 g5 25. g4 Nb7 26. Bf1 h5 27. Rh3 h4 28. Bc1
Qf6 29. Ba3 Bd6 30. Rxe7 Qxe7 31. Bxd6 Qxd6 32. Rd3 Re8 33. Rd1 Qe5 34. Qc2 Kg7
35. d6 c6 36. h3 Re6 37. Rd4 Nc5 38. Qd1 Qe1 39. Qc2 Ne4 40. Rd3 Re5 41. a5
bxa5 42. Rd1 Qxc3 43. Qb1 Nxf2 0-1

[Event "PRVA LIGA CENTRALNE SRBIJE 2018."]
[Site "Kragujevac,hotel Sumarice"]
[Date "2018.09.17"]
[Round "5.5"]
[White "Mijailovic, Zoran"]
[Black "Zivkovic, Dejan"]
[Result "1/2-1/2"]
[WhiteElo "2400"]
[BlackElo "2290"]
[PlyCount "63"]
[EventDate "2018.09.14"]
[WhiteTeam "Mladost Lucani"]
[BlackTeam "Krusik Valjevo"]

1. c4 e6 2. Nf3 Nf6 3. d4 d5 4. g3 c6 5. Bg2 Nbd7 6. Qc2 Bd6 7. O-O O-O 8. Nbd2
Re8 9. b3 e5 10. cxd5 cxd5 11. dxe5 Nxe5 12. Bb2 Bg4 13. Bxe5 Bxe5 14. Nxe5
Rxe5 15. Nf3 Bf5 16. Qb2 Re7 17. Rac1 Be4 18. Rfd1 a6 19. Qa3 Re8 20. Qb4 Qd7
21. Rc5 Qe7 22. Qd4 Rac8 23. Rdc1 Rxc5 24. Qxc5 Qxc5 25. Rxc5 Kf8 26. Nd4 Bxg2
27. Kxg2 g6 28. e3 Rd8 29. Kf3 Ke7 30. Ke2 Kd6 31. Rc2 Ng4 32. h3 1/2-1/2

[Event "PRVA LIGA CENTRALNE SRBIJE 2018."]
[Site "Kragujevac,hotel Sumarice"]
[Date "2018.09.17"]
[Round "5.5"]
[White "Bojic, Zoran"]
[Black "Rajkovic, Mladen"]
[Result "0-1"]
[WhiteElo "2106"]
[BlackElo "2304"]
[PlyCount "46"]
[EventDate "2018.09.14"]
[WhiteTeam "Krusik Valjevo"]
[BlackTeam "Mladost Lucani"]

1. e4 e5 2. Nf3 Nc6 3. c3 d5 4. Qa4 f6 5. Bb5 Nge7 6. exd5 Qxd5 7. O-O e4 8.
Nd4 Bd7 9. Nc2 a6 10. Bc4 Qh5 11. Bb3 f5 12. Nba3 Nc8 13. Nb5 Nb6 14. Nxc7+ Kd8
15. Nxa8 Nxa4 16. Bxa4 Bd6 17. h3 Ne5 18. Nb6 Bxa4 19. Nxa4 Nf3+ 20. Kh1 Ng5
21. Nd4 Nxh3 22. f4 Nxf4+ 23. Kg1 Nd3 0-1

[Event "PRVA LIGA CENTRALNE SRBIJE 2018."]
[Site "Kragujevac"]
[Date "2018.09.17"]
[Round "5.6"]
[White "Radovanovic, Nikola"]
[Black "Simic, Dragisa"]
[Result "1/2-1/2"]
[WhiteElo "2420"]
[BlackElo "2299"]
[Annotator "Balkanchess"]
[PlyCount "47"]
[EventDate "2018.??.??"]
[WhiteClock "0:19:34"]
[BlackClock "0:48:57"]

1. e4 c5 2. Nf3 d6 3. d4 cxd4 4. Nxd4 Nf6 5. Nc3 g6 6. Be3 Bg7 7. f3 O-O 8. Qd2
Nc6 9. g4 Bd7 10. O-O-O Ne5 11. h4 Qa5 12. Kb1 Rfc8 13. h5 Rxc3 14. Qxc3 Qxc3
15. bxc3 Nxf3 16. Nxf3 Bxg4 17. Bg2 Nxe4 18. Rd3 Nxc3+ 19. Kc1 Bf5 20. Kd2 Ne4+
21. Kd1 Ng3 22. Rb3 Nxh1 23. Bxh1 Be4 24. h6 1/2-1/2